Geography Quiz

Random Geography or State Quiz

'IS' That a US State? Quiz Stats

 Plays Quiz Updated Nov 8, 2017

Challenge
Share
Tweet
Embed
Score 0/6 Timer 01:00
2 Plays Today
% Correct
Mississippi
91.7%
Missouri
71.6%
Illinois
63.7%
Wisconsin
58.1%
Louisiana
51.5%
Rhode Island
41%

You're not logged in!

Compare scores with friends on all Sporcle quizzes.
OR
Log In

You Might Also Like...

Show Comments

Extras

Top Quizzes Today


Score Distribution

Your Account Isn't Verified!

In order to create a playlist on Sporcle, you need to verify the email address you used during registration. Go to your Sporcle Settings to finish the process.

Report this User

Report this user for behavior that violates our Community Guidelines.

Details: